书目信息 |
| 题名: |
中国鲁迅学通史[索引卷]
|
|
| 作者: | 张梦阳 | |
| 分册: | ||
| 出版信息: | 广东 广东教育出版社 2002 |
|
| 页数: | 834页 | |
| 开本: | 20cm | |
| 丛书名: | ||
| 单 册: | ||
| 中图分类: | I210.99 | |
| 科图分类: | ||
| 主题词: | 文学--作品集--中国 | |
| 电子资源: | ||
| ISBN: | 7-5406-5182-2 | |
| 000 | 00548nam0 2200181 450 | |
| 001 | 0728815141 | |
| 005 | 20070819080015.14 | |
| 010 | @a7-5406-5182-2@d¥50.00 | |
| 100 | @a20070819d km y0chiy0120 ea | |
| 101 | 0 | @achi |
| 200 | 1 | @a中国鲁迅学通史[索引卷]@Azhong guo lu xun xue tong shi[suo yin juan]@f张梦阳@Fzhang meng yang |
| 210 | @a广东@c广东教育出版社@d2002 | |
| 215 | @a834页@d20cm | |
| 606 | 0 | @a文学@x作品集@x中国 |
| 690 | @aI210.99@v3 | |
| 701 | 0 | @a张梦阳@Azhang meng yang |
| 801 | 0 | @aCN@bPFT@c20070819 |
| 905 | @a213230@dI210.99@eZW27@f1 | |
| 中国鲁迅学通史[索引卷]/张梦阳.-广东:广东教育出版社,2002 |
| 834页;20cm |
| ISBN 7-5406-5182-2:¥50.00 |
| ● |
| 相关链接 |
|
|
|
|
正题名:中国鲁迅学通史[索引卷]
索取号:I210.99/ZW27
 
预约/预借
| 序号 | 登录号 | 条形码 | 馆藏地/架位号 | 状态 | 备注 |
| 1 | 7607215 | 276072152 | 密集书库-文学院/ [索取号:I210.99/ZW27] | 在馆 |